000 00718nam a2200217 i 4500
001 133623
003 ES-MaACL
007 t|
008 070822s1974 mx ||||1| spa d
100 1 _aWood, Michael.
_9117313
245 1 0 _aStendhal /
_cMichael Wood ; [traducción de Nelly Wolf].
250 _a[1ª ed.].
260 _aMéxico :
_bFondo de Cultura Económica,
_c[1974]
300 _a323 p. ;
_c17 cm.
490 1 _aBreviarios del Fondo de Cultura Económica ;
_v237
600 0 4 _aStendhal,
_d1783-1842
_9108086
700 1 _aWolf, Nelly.
_9117235
830 0 _aBreviarios del Fondo de Cultura Económica ;
_v237
_9179682
852 _aES-MaACL
_jL-8477
_bR.109011
999 _c133623
_d133623